000 00464nam a2200181Ia 4500
005 20250508151009.0
008 008 250505s9999 xx 000 0 hin d
037 _aTextual
040 _aFEDL
_beng
_cFEDL
041 _ahin
_2eng
084 _aFH, PRA
_qFEDL
100 _aPrasad H N
245 0 _aMoti-maya: Bhag 4: Graminon ke liye upyogi pustak
300 _a47p.
365 _aINR
_b1
942 _cTEXL
_hFH, PRA
999 _c1326936
_d1326936